Tratado sobre el dinero (Registro nro. 3746)

Detalles MARC
000 -LEADER
fixed length control field 02866 a2200265 4500
001 - CONTROL NUMBER
control field 43889
005 - DATE AND TIME OF LATEST TRANSACTION
control field 20260407155720.0
008 - FIXED-LENGTH DATA ELEMENTS--GENERAL INFORMATION
fixed length control field 260407a2010 arg spa d
003 - CONTROL NUMBER IDENTIFIER
control field AR-UNSa-BCEJYS
040 ## - CATALOGING SOURCE
Original cataloging agency AR-UNSa-BCEJYS
Language of cataloging spa
Transcribing agency AR-UNSa-BCEJYS
080 ## - UNIVERSAL DECIMAL CLASSIFICATION NUMBER
Universal Decimal Classification number 336.741.2
Common auxiliary subdivision Naturaleza de la moneda. Teoría general del dinero
020 ## - INTERNATIONAL STANDARD BOOK NUMBER
International Standard Book Number 978-84-9756-689-6
041 ## - LANGUAGE CODE
Language code of text/sound track or separate title spa
100 1# - MAIN ENTRY--PERSONAL NAME
Personal name Rabasco, María Esther
245 10 - TITLE STATEMENT
Title Tratado sobre el dinero
264 #1 - PRODUCTION, PUBLICATION, DISTRIBUTION, MANUFACTURE, AND COPYRIGHT NOTICE
Place of production, publication, distribution, manufacture Madrid :
Name of producer, publisher, distributor, manufacturer Fundación ICO
Date of production, publication, distribution, manufacture, or copyright notice 2010
300 ## - PHYSICAL DESCRIPTION
Extent xlii, 695 p.
Dimensions 22 cm.
505 ## - FORMATTED CONTENTS NOTE
Formatted contents note 1. La clasificación del dinero - 2. El dinero bancario - 3. El análisis del dinero bancario - 4. El poder de compra del dinero - 5. La diversidad de niveles de precios secundarios - 6. Patrones monetarios - 7. La difusión de los niveles de precios - 8. La teoría de las comparaciones del poder de compra - 9. Algunas definiciones - 10. Las ecuaciones fundamentales del valor del dinero - 11. Las condiciones de equilibrio - 12. Una aclaración más sobre la distinción entre ahorro e inversión - 13. El "modus operandi" del tipo bancario - 14. Formas alternativas de las ecuaciones fudamentales - 15. La circulación industrial y la circulación financiera - 16. Clasificación de las causas de un desequilibrio del poder de compra - 17. Cambios debidos a factores monetarios - 18. Cambios debidos a factores relacionados con la inversión - 19. Algunos aspectos especiales del ciclo del crédito - 20. Un ejercicio de teoría pura del ciclo del crédito - 21. Cambios debidos a un desequilibrio internacional - 22. La teoría aplicada del dinero - 23. La proporción de depósitos de ahorro en relación con los depósitos de efectivo - 24. Las velocidades de circulación - 25. El cociente entre el dinero bancario y las reservas - 26. La actividad económica - 27. Fluctuaciones de la tasa de inversión. I. El capital fijo - 28. Fluctuaciones de la tasa de inversión. II. El capital circulante - 29. Fluctuaciones de la tasa de inversión. III. El capital líquido - 30. Ejemplos históricos - 31. El problema de la gestión del dinero - 32. Métodos de gestión nacional. I. El control de los bancos miembros - 33. Métodos de gestión nacional. II. La regulación de las reservas centrales - 34. Métodos de gestión internacional. I. Las relaciones entre los bancos centrales - 35. Métodos de gestión internacional. II. El patrón oro - 36. Métodos de gestión internacional. III. El problema de la autonomía nacional - 37. Métodos de gestión nacional. III. El control de la tasa de inversión - 38. Problemas de la gestión supranacional
590 ## - LOCAL NOTE (RLIN)
Local note niveau_biblio:m niveau_hierar:0
650 ## - SUBJECT ADDED ENTRY--TOPICAL TERM
Topical term or geographic name entry element KEYNES
650 ## - SUBJECT ADDED ENTRY--TOPICAL TERM
Topical term or geographic name entry element keynes
700 1# - ADDED ENTRY--PERSONAL NAME
Personal name Keynes, John Maynard
856 41 - ELECTRONIC LOCATION AND ACCESS
Uniform Resource Identifier <a href="https://biblioeco.unsa.edu.ar/pmb/images/libros/L126837.jpg">https://biblioeco.unsa.edu.ar/pmb/images/libros/L126837.jpg</a>
Link text Imagen de portada
Electronic format type image/jpeg
942 ## - ADDED ENTRY ELEMENTS (KOHA)
Koha item type
Existencias
Withdrawn status Lost status Damaged status Not for loan Home library Current library Shelving location Date acquired Total checkouts Full call number Barcode Date last seen Price effective from Koha item type
        Biblioteca Prof. Eusebio Cleto del Rey Biblioteca Prof. Eusebio Cleto del Rey   07/04/2026   336.741.2 K44t L126837 07/04/2026 07/04/2026 Libro